| 000 | 00413nam a2200169Ia 4500 | ||
|---|---|---|---|
| 008 | 230524s9999 xx 000 0 und d | ||
| 020 | _a8120314786 | ||
| 082 |
_a612.23 _bTOM |
||
| 100 | _aWills J.Tompkins | ||
| 245 | 0 | _aBiomedical Digital Signal Processing | |
| 250 | _a1ST | ||
| 260 |
_aNEW DELHI _bPHI _c2005 |
||
| 300 | _aIII;362 | ||
| 500 | _aQuantity Number: 14 | ||
| 650 | _aBiomedical | ||
| 942 | _cBK | ||
| 999 |
_c35177 _d35177 |
||